|
|
|
|
| LEADER |
01219nam a22002657a 4500 |
| 001 |
39758 |
| 003 |
BD-DhAAL |
| 008 |
221110t1991 ii ||||| |||| 001 0 ben d |
| 999 |
|
|
|c 45019
|d 45019
|
| 020 |
|
|
|a 8170669626
|
| 040 |
|
|
|a BD-DhAAL
|c BD-DhAAL
|
| 041 |
|
|
|a ben
|
| 082 |
|
|
|a 338.954
|2 23
|
| 100 |
|
|
|a চক্রবর্তী, রণবীর
|9 52301
|
| 245 |
|
|
|a প্রাচীন ভারতের অর্থনৈতিক ইতিহাসের সন্ধানে /
|c রণবীর চক্রবর্তী
|
| 250 |
|
|
|a প্রথম সংস্করণ
|
| 260 |
|
|
|a কলকাতা :
|b আনন্দ পাবলিশার্স,
|c ১৯৯১.
|
| 300 |
|
|
|a ২৪৭ পৃষ্ঠা ;
|c ২২ সে.মি.
|
| 500 |
|
|
|a নির্ঘণ্ট অন্তর্ভুক্ত।
|
| 541 |
|
|
|a Donated By Akbar Ali Khan
|e 39758
|
| 650 |
|
|
|a Economics.
|9 52302
|
| 651 |
|
|
|a India
|x Economic conditions.
|9 52303
|
| 852 |
|
|
|a Ayesha Abed Library
|c Akbar Ali Khan Collection
|
| 942 |
|
|
|2 ddc
|c BK
|
| 952 |
|
|
|0 0
|1 0
|2 ddc
|4 0
|6 338_954000000000000_CHA
|7 1
|9 72307
|a BRACUL
|b BRACUL
|c AAKC
|d 2022-11-10
|e Donated by Akbar Ali Khan
|g 45.00
|l 0
|o 338.954 CHA
|p 3010039758
|r 2022-11-10
|t 1
|w 2022-11-10
|y BK
|